Responses for show #4954 - Thursday, March 9, 2006

Contestants

[<< previous game]

Mary Danieli, a library technician from Vancouver, British Columbia, Canada

Denise Hay, a high school administrator and teacher from Crystal Lake, Illinois

Randy Logan, a high school English teacher from Mesquite, Texas (whose 1-day cash winnings total $18,800)

[next game >>]

Jeopardy! Round responses

ETHNIC GROUPS
GAME SHOW CATCHPHRASES
(Alex: You identify the game show, of course.)
TEDDY ROOSEVELT SPEAKS
ANOTHER WORD IN THESAURUS
(Alex: Each correct response will be made up of the letters in the word "thesaurus" itself--keep that in mind.)
GET YOUR KICKS
ON ROUTE 66
    $200 21
Maori

Randy
    $200 11
Wheel of Fortune

Randy
    $200 1
(Mary: What is a horse?)
(Denise: What is an ox?)

a bull moose

RandyDeniseMary
    $200 6
Utah

Randy
    $200 16
the bucket

Mary
    $200 25
an acre

Triple Stumper
    $400 22
Indonesia

Mary
    $400 12
The Price is Right

Randy
    $400 2
pulpit

Randy
    $400 7
haste

Denise
    $400 17
the Rockettes

Randy
    $400 26
(Denise: What is Wyoming?)
(Randy: What is Montana?)
(Mary: What is North Dakota?)

South Dakota

RandyDeniseMary
Triple Stumper
    $600 23
the French

Mary
    $600 13
Who Wants to Be a Millionaire

Randy
    $600 3
the Panama Canal Zone

Triple Stumper
    $1,000 8
Rhesus

Denise
    $600 18
(Alex: It was [*]. Went 98 yards. Rolled a lot.)

a punt

Triple Stumper
    $600 27
the King James Version

Mary
    $800 24
Persian

Denise
    $800 14
Hollywood Squares

Mary
    $800 4
a square deal

Triple Stumper
    $800 9
suture

Randy
    $800 19
the breaststroke

Denise
    $800 28
(Mary: What is the Mongol Empire?)

the Roman Empire

Mary
Triple Stumper
    $1000 30
the Kurds

Mary
    $1000 15
Family Feud

Randy
    $1000 5
William McKinley

Triple Stumper
    $1000 10
Seurat

Denise
    $1000 20
(Mary: What is judo?)

karate

DeniseMary
    $1000 29
protons

Denise

Scores at the first commercial break (after clue 15):

Randy Denise Mary
$3,800 $2,200 $600

Scores at the end of the Jeopardy! Round:

Randy Denise Mary
$4,000 $5,400 $1,200

Double Jeopardy! Round responses

EUROPEAN HISTORY
FILMS OF THE '50s
HEMINGWAY WORKS IN OTHER WORDS
HEY, MUSCLES!
IT'S ON "R" MAPS
LET'S SPEAK RUSSIAN
    $400 1
(Alex: Trieste right next to [*].)

Italy

Triple Stumper
    $400 16
(Alex: We'll accept that. Uh, we do not penalize players for adding or changing an article. The film, of course, was [*] by Hitchcock.)

Rear Window (A Rear Window accepted)

Mary
    $400 7
The Old Man and the Sea

Mary
    $400 26
(Mary: What is 100?)
(Denise: What is 300?)
...
(Alex: Yes--except for my body.)

600

RandyDeniseMary
    $400 21
(Alex: And that would be [*]--not the Yellow.)

the Red River

Triple Stumper
    $400 6
water

Denise
    $800 2
Spain

Mary
    $800 17
Guys & Dolls

Randy
    $800 12
A Farewell to Arms

Denise
    $800 27
the hair stand up on the cat's back

Triple Stumper
    $800 22
Rochester

Triple Stumper
    $800 8
pravda

Mary
    $1200 3
(Alex: Famous quote of Lord Nelson, "Kiss me, [*].")

Hardy

Triple Stumper
    $1200 18
Sabrina

Randy
    $1200 13
A Moveable Feast

Denise
    $1200 28
the diaphragm

Randy
    $1200 23
Reading

Denise
    $1200 9
(Mary: What is dosnivanya?)
(Alex: No, you didn't ring in... Now, you're ringing in.)
(Mary: What is dosnivanya?)
(Alex: No, sorry.)
[Laughter]

dosvidanya

Mary
Triple Stumper
    $1600 4
(Mary: Who are the Lombards?)

the Franks

Mary
Triple Stumper
    $3,500 19
An American in Paris

Randy
    $1600 14
The Sun Also Rises

Denise
    $1600 29
the triceps

Triple Stumper
    $2,000 24
(Alex: That's it. [*]. You watch Law & Order!)
(Denise: [Chuckles] Yes.)

Riker's Island

Denise
    $1600 10
troika

Triple Stumper
    $2000 5
the Commonwealth of Independent States

Mary
    $2000 20
[NOTE: This clue is nearly identical to the Final Jeopardy! in #1185.]

High Society & High Noon

Mary
    $2000 15
(Mary: ...[Shakes head])
...
(Alex: About bullfighting.)

Death in the Afternoon

Mary
Triple Stumper
    $2000 30
Galen

Triple Stumper
    $2000 25
Ramallah

Mary
    $2000 11
spasiba

Triple Stumper

Scores at the end of the Double Jeopardy! Round:

Randy Denise Mary
$11,100 $12,200 $4,400

[wagering suggestions for these scores]

Final Jeopardy! Round responses

ISLANDS
(Alex: The Argentinians planted a lot of land mines there, and they're still there.)
...
(Alex: And normally we don't penalize for spelling mistakes, but we have to in this case.)
MaryWhat are the Falklands?
$1,400
RandyWhat are The Falkland Islands?
$1,300
DeniseWhat is the Falklan Islds?
$7,000
the Falkland Islands

Final scores:

Randy Denise Mary
$12,400 $5,200 $5,800
2-day champion: $31,200 3rd place: $1,000 2nd place: $2,000

Game dynamics:

Coryat scores:

Randy Denise Mary
$9,200 $11,400 $4,400
15 R
(including 1 DD),
1 W
13 R
(including 2 DDs),
3 W
13 R,
8 W

Combined Coryat: $25,000

The J! Archive is created by fans, for fans. The Jeopardy! game show and all elements thereof, including but not limited to copyright and trademark thereto, are the property of Jeopardy Productions, Inc. and are protected under law. This website is not affiliated with, sponsored by, or operated by Jeopardy Productions, Inc. Join the discussion at JBoard.tv.